| 000 | 00756nam a22002057a 4500 | ||
|---|---|---|---|
| 999 |
_c9533 _d9533 |
||
| 003 | AR-CdUCM | ||
| 008 | 190328b ||||| |||| 00| 0 spa d | ||
| 040 |
_aMUNICIPALIDAD PROVINCIAL DEL CUSCO _cBIBLIOTECA MUNICIPAL DEL CUSCO |
||
| 082 |
_a923.47 / _bT82 / 1936 |
||
| 100 |
_aTrotsky, León _925802 |
||
| 245 | _aMi vida / | ||
| 260 |
_aSantiago de Chile : _bEdiciones Ercilla, _c1936. |
||
| 300 |
_a144 páginas ; _c18 cm. |
||
| 505 | _aContenido: Enfermedad de Lenin -- Los epígonos conspiran -- Muerte de Lenin -- Ultima fase de la lucha dentro del partido -- El destierro -- Expulsado de Rusia -- El planeta sin visado. | ||
| 650 |
_aBiografías _9148 |
||
| 650 |
_aPolíticos _931 |
||
| 650 |
_aURSS _92690 |
||
| 942 |
_2ddc _cLIBROS |
||
| 945 | _aachl | ||